Magyar tanítók emlékezete Farkas István (1900-1975)

Bibliographic Details
Main Author: Boros, Béla (Author)
Format: Article
Language:Hungarian
ISSN:1335-6445
Subjects:

MARC

LEADER 00000nab a2200000 a 4500
001 vtls009180680
003 SK-MaSNL
005 20260319070650.0
008 141024c2006 xo |||||||| 000 b|hun
015 |a SNBRB2008/02  |2 snkbucl 
038 |a SNKBUCL 
040 |a DSZK  |b slo  |c DSZK  |e AACR2 
041 0 |a hun 
044 |a xo  |c SK 
080 |a 37-051  |2 1997 
080 |a 929 Farkas, István  |2 1997 
100 1 |a Boros, Béla  |4 aut  |9 306136 
245 1 0 |a Magyar tanítók emlékezete  |b Farkas István (1900-1975)  |c [Boros Béla] 
500 |a Údaj o zodpovednosti zistený z 1. časti článku 
600 1 7 |a Farkas, István,  |d 1900-1975  |2 snkbucl  |9 225742 
773 0 |t Katedra  |g Évf. XIV, sz. 1 (2006), o. 15  |x 1335-6445 
852 |a SNK  |b KIS3GCP 
852 |a DSZK  |b KIS3GCP 
958 |a HU 
958 |a SK 
999 |c 1711519  |d 1713449